Let It Be (The Beatles)-Cdp7 46447 2 (Record n. 100256)

Dettagli MARC
000 -LEADER
fixed length control field 01238njm a2200277Ia 4500
001 - CONTROL NUMBER
control field 64460
003 - CONTROL NUMBER IDENTIFIER
control field IT-RoPAU
005 - DATE AND TIME OF LATEST TRANSACTION
control field 20220918181127.0
008 - FIXED-LENGTH DATA ELEMENTS--GENERAL INFORMATION
fixed length control field 131025s9999 xx 000 0 und d
040 ## - CATALOGING SOURCE
Original cataloging agency IT-RoPAU
040 ## - CATALOGING SOURCE
Transcribing agency IT-RoPAU
999 ## - SYSTEM CONTROL NUMBERS (KOHA)
Koha Dewey Subclass [OBSOLETE] n.d.
100 ## - MAIN ENTRY--PERSONAL NAME
Personal name Beatles (The)
9 (RLIN) 23424
100 ## - MAIN ENTRY--PERSONAL NAME
Relator term Autore musica
9 (RLIN) 23425
100 ## - MAIN ENTRY--PERSONAL NAME
Miscellaneous information Codice autore musica SPICS: 9428
9 (RLIN) 23426
245 ## - TITLE STATEMENT
Title Let It Be (The Beatles)-Cdp7 46447 2
250 ## - EDITION STATEMENT
Edition statement 1a ed.
260 ## - PUBLICATION, DISTRIBUTION, ETC. (IMPRINT)
Place of publication, distribution, etc. ENGLAND
260 ## - PUBLICATION, DISTRIBUTION, ETC. (IMPRINT)
Name of publisher, distributor, etc. EMI RECORDS
Date of publication, distribution, etc. 1987 [1a Ed.:1970 - Ed. Lingua Orig.: 1970]
300 ## - PHYSICAL DESCRIPTION
Extent COMPACT DISC
500 ## - GENERAL NOTE
General note Musica pop.
505 ## - FORMATTED CONTENTS NOTE
Formatted contents note Two of Us (Lennon-McCartney) - Dig A Pony (Lennon-McCartney) - Across the Universe (Lennon-McCartney) - I Me Mine (Harrison) - Let It Be (Lennon-McCartney) - Dig It (Lennon-McCartney-Starkey-Harrison) - Maggie Mae (Trad. arr. Lennon-McCartney-Harrison-Starkey) - I've Got A Feeling (Lennon-McCartney) - One After 909 (Lennon-McCartney) - The Long and Winding Road (Lennon-McCartney) - For You Blue (Harrison) - Get Back (Lennon-McCartney)
650 ## - SUBJECT ADDED ENTRY--TOPICAL TERM
Topical term or geographic name as entry element POP [COMPACT DISC]
Relator term Codice MATERIA SPICS: 9949
9 (RLIN) 10570
700 ## - ADDED ENTRY--PERSONAL NAME
Personal name Beatles (The)
Miscellaneous information Codice interprete SPICS: 9428
Relator term Interprete
9 (RLIN) 23427
942 ## - ADDED ENTRY ELEMENTS (KOHA)
Koha item type CD AUDIO
Source of classification or shelving scheme Dewey Decimal Classification
Dati di copia
Withdrawn status Lost status Damaged status Not for loan Home library Current library Date acquired Total Checkouts Full call number Date last seen Price effective from Koha item type Public note
    Buone Condizioni Not For Loan SPICS-MEDIATECA SPICS-MEDIATECA 25/10/2013   64460 25/10/2013 25/10/2013 CD AUDIO Progr. Ins.: 15942 / N.Vol.: 1 / Copie: 1 - Copia rara: n.d. / date import: 01.01.2014 - By Epidotti, Trombetti, Vaglietti
CREDITS: SOCIETA' SAN PAOLO Via A.Severo, 58 - ROMA (RM) & PERIODICI SAN PAOLO SRL Via Giotto, 36 MILANO & CISF Via Giotto, 36 MILANO & EDIZIONI SAN PAOLO SRL,  Piazza Soncino, 5 CINISELLO BALSAMO (MI) -- ITALY